Normal view
MARC view
- Chandrashekar Krishnamurti
Entry Personal Name
001 - CONTROL NUMBER
- control field: 13578
003 - CONTROL NUMBER IDENTIFIER
- control field: NUST
005 - DATE AND TIME OF LATEST TRANSACTION
- control field: 20190129070838.0
008 - FIXED-LENGTH DATA ELEMENTS
- fixed length control field: 190129|| aca||aabn | a|a d
040 ## - CATALOGING SOURCE
- Original cataloging agency: NUST
- Transcribing agency: NUST
100 ## - HEADING--PERSONAL NAME
- Personal name: Chandrashekar Krishnamurti
670 ## - SOURCE DATA FOUND
- Source citation: Work cat.: (NUST)349364: Chandrashekar Krishnamurti, Mergers,Acquisitions and Corporate Restructuring., 2008
